<?xml version="1.0" encoding="UTF-8"?>
<record
    xmlns:xsi="http://www.w3.org/2001/XMLSchema-instance"
    xsi:schemaLocation="http://www.loc.gov/MARC21/slim http://www.loc.gov/standards/marcxml/schema/MARC21slim.xsd"
    xmlns="http://www.loc.gov/MARC21/slim">

  <leader>00500    a2200133   4500</leader>
  <controlfield tag="005">20250519144709.0</controlfield>
  <datafield tag="020" ind1=" " ind2=" ">
    <subfield code="a">978-9976-60-5921</subfield>
  </datafield>
  <datafield tag="082" ind1=" " ind2=" ">
    <subfield code="a">LECT 338.096 ECO</subfield>
  </datafield>
  <datafield tag="245" ind1=" " ind2=" ">
    <subfield code="a">The economic of Mainland Tanzania into the 200s: Productivity, Human Capital, And other Leading Issues.</subfield>
  </datafield>
  <datafield tag="260" ind1=" " ind2=" ">
    <subfield code="a">Dar es Salaam,</subfield>
    <subfield code="b">Dar es Salaam University Press,</subfield>
    <subfield code="c">2016.</subfield>
  </datafield>
  <datafield tag="300" ind1=" " ind2=" ">
    <subfield code="a">ix, 198p.: ill.; charts, graph, figure, table.</subfield>
    <subfield code="c">24cm,</subfield>
  </datafield>
  <datafield tag="700" ind1=" " ind2=" ">
    <subfield code="a">RWEGASIRA, D.   &amp;   MBELLE, A.   &amp;   AIKAELI, J. </subfield>
  </datafield>
  <datafield tag="942" ind1=" " ind2=" ">
    <subfield code="2">ddc</subfield>
    <subfield code="c">BKS</subfield>
  </datafield>
  <datafield tag="999" ind1=" " ind2=" ">
    <subfield code="c">2455</subfield>
    <subfield code="d">2455</subfield>
  </datafield>
  <datafield tag="952" ind1=" " ind2=" ">
    <subfield code="r">2025-05-19 14:48:58</subfield>
    <subfield code="l">0</subfield>
    <subfield code="o">LECT 338.096 ECO</subfield>
    <subfield code="p">0000009213</subfield>
    <subfield code="v">75000.00</subfield>
    <subfield code="w">2025-05-19</subfield>
    <subfield code="y">BKS</subfield>
    <subfield code="1">0</subfield>
    <subfield code="2">ddc</subfield>
    <subfield code="4">0</subfield>
    <subfield code="7">0</subfield>
    <subfield code="0">0</subfield>
    <subfield code="a">CBEML</subfield>
    <subfield code="b">CBEML</subfield>
    <subfield code="c">GEN</subfield>
    <subfield code="d">2016-11-23</subfield>
    <subfield code="g">25000.00</subfield>
  </datafield>
</record>
